Problémy světové zemědelské politiky

Gespeichert in:
Bibliographische Detailangaben
Format: Buch
Sprache:Tschechisch
Veröffentlicht: Praha Brázda 1950
Tags: Tag hinzufügen
Keine Tags, Fügen Sie das erste Tag hinzu!

MARC

LEADER 00000nam a2200000 4500
001 0311918
005 20250821093211.0
041 0 |a cze 
044 |a CZ 
245 1 0 |a Problémy světové zemědelské politiky 
264 1 |a Praha  |b Brázda  |c 1950